000 00669nam a22002177a 4500
003 DO-SdBNP
005 20260304094324.0
008 211203b1985 ||||| |||| 00| 0 spa d
040 _aDO-SdBNP
_bspa
_cBNPHU
082 _aRD863.44
_bP379p
100 1 _aPeix, Pedro
_d1952-2015
_925675
245 1 _aPormenores de una servidumbre /
_cPedro Peix
260 _aSanto Domingo :
_bCENAPEC,
_c1985
300 _a25 p. :
_bil. :
_c22 cm
586 _aPrimer premio en el concurso de cuentos de "Casa de Teatro"
590 _aInventariado, 2021 / DG
650 _aCuentos dominicanos
_980804
650 _aLiteratura dominicana
_980805
910 _aD/G
942 _2ddc
_cLBS1
999 _c51094
_d51094